| 000 -LEADER |
| fixed length control field |
00354 a2200133 4500 |
| 003 - CONTROL NUMBER IDENTIFIER |
| control field |
OSt |
| 005 - DATE AND TIME OF LATEST TRANSACTION |
| control field |
20240111135232.0 |
| 008 - FIXED-LENGTH DATA ELEMENTS--GENERAL INFORMATION |
| fixed length control field |
240111b ||||| |||| 00| 0 eng d |
| 020 ## - INTERNATIONAL STANDARD BOOK NUMBER |
| International Standard Book Number |
978-1864705669 |
| 100 ## - MAIN ENTRY--PERSONAL NAME |
| Personal name |
Architecton Ltd |
| 245 ## - TITLE STATEMENT |
| Title |
Architecton: Architecture: |
| Remainder of title |
As an ecology of culture |
| 260 ## - PUBLICATION, DISTRIBUTION, ETC. (IMPRINT) |
| Name of publisher, distributor, etc |
Images Publishing Dist Ac |
| Date of publication, distribution, etc |
2014 |
| 942 ## - ADDED ENTRY ELEMENTS (KOHA) |
| Source of classification or shelving scheme |
|